000 00722nam a22002297a 4500
999 _c178243
_d178243
005 20210323151315.0
006 a|||||f|||| 00| 0
007 tc
008 180720b xxu||||| |||| 00| 0 eng d
010 _aBR-003288-BR-003289
020 _c12.00
035 _a BR-003288
037 _bN.I.V.H.
082 _aS
100 _aIkeda,Daisaku
245 _aPrince and the Coral Sea
_cIkeda,Daisaku
260 _aDehradun
_bN.I.V.H.
_cDehradun
270 _a116,Rajpur Road, Dehradun
_bDehradun
_e248001
300 _avarious pages.
_c30cm(HB).
942 _2ddc
_cBRLEN
_hS
_mPRI